Statistics for Tallest free-standing structures in Britain

Click here to take the quiz!

General Stats

  • This quiz has been taken 22 times
  • The average score is 1 of 7

Answer Stats

HintAnswer% Correct
1016 ftThe Shard
95%
771 ftCanary Wharf Tower (1 Canada Square)
14%
1084 ftEmley Moor Tower
14%
912 ft22 Bishopsgate
9%
738 ftLeadenhall building
5%
755 ftHeron Tower
0%
784 ftLandmark Pinnacle
0%

Score Distribution

Percentile by Number Answered

Percent of People with Each Score

Your Score History

You have not taken this quiz